Marketingové plánovanie v podmienkach športového klubu diplomová práca

Gespeichert in:
Bibliographische Detailangaben
1. Verfasser: Fördös, Gašpar
Körperschaft: Podnikovohospodárska fakulta EU so sídlom v Košiciach. Katedra marketingu a obchodu
Weitere Verfasser: Bačo, Tomáš, 1981-
Format: Buch
Sprache:Slowakisch
Veröffentlicht: Košice 2008
Tags: Tag hinzufügen
Keine Tags, Fügen Sie das erste Tag hinzu!

MARC

LEADER 00000nam$a2200000$$$4500
001 0079965
005 20240201115531.5
041 0 |a slo 
044 |a SK 
245 1 0 |a Marketingové plánovanie v podmienkach športového klubu  |b diplomová práca  |c Gašpar Fördös ; škol. Tomáš Bačo 
264 1 |a Košice  |c 2008 
300 |a 73 s. 
100 1 |a Fördös, Gašpar 
700 1 |a Bačo, Tomáš, 1981- 
710 2 |a Podnikovohospodárska fakulta EU so sídlom v Košiciach. Katedra marketingu a obchodu